| 000 -ლიდერი |
| ფიქსირებული სიგრძის საკონტროლო ველი |
01436nam a22002537a 4500 |
| 003 - საკონტროლო ნომრის იდენტიფიკატორი |
| საკონტროლო ველი |
Ge_BSU |
| 005 - ბოლო ოპერაციის თარიღი და დრო |
| საკონტროლო ველი |
20250915173024.0 |
| 008 - ფიქსირებული სიგრძის მონაცემთა ელემენტები - ზოგადი ინფორმაცია |
| ფიქსირებული სიგრძის საკონტროლო ველი |
250915s2024 ge ||||| |||| 00| 0 geo d |
| 020 ## - წიგნის საერთაშორისო სტანდარტული ნომერი |
| International Standard Book Number |
9789941870965 |
| 041 ## - ენის კოდი |
| Language code of text/sound track or separate title |
geo |
| 080 ## - უნივერსალური ათობითი კლასიფიკაციის ინდექსი |
| Universal Decimal Classification number |
821.112.2.03=353.1 ბ-32 |
| 100 ## - მთავარი ჩანაწერი - პიროვნების სახელი |
| Personal name |
ბარბაქაძე, დათო |
| 9 (RLIN) |
25820 |
| 245 ## - ცნობა სათაურის შესახებ |
| Title |
თარგმანები, 2022-2024 / |
| Statement of responsibility, etc |
დათო ბარბაქაძე. |
| 264 ## - წარმოების, გამოცემის, დისტრიბუციის და სხვა ცნობები |
| გამოცემის, წარმოების, დისტრიბუციის... ადგილი |
თბილისი : |
| გამოცემის, წარმოების, დისტრიბუციის... სახელწოდება |
თვითგამომცემლობა მერწყული : უნივერსალი, |
| გამოცემის, წარმოების, დისტრიბუციის... თარიღი |
2024. |
| 300 ## - ფიზიკური აღწერა |
| Extent |
546 გვ. ; |
| Other physical details |
20 სმ. |
| 500 ## - ზოგადი შენიშვნა |
| General note |
წიგნი გამოიცა მთარგმნელის გერმანული და ავსტრიული სტიპენდიებიდან დანაზოგი თანხით. |
| 653 ## - INDEX TERM--UNCONTROLLED |
| Uncontrolled term |
გერმანული დრამატურგია |
| 653 ## - INDEX TERM--UNCONTROLLED |
| Uncontrolled term |
გერმანული პოეზია |
| 653 ## - INDEX TERM--UNCONTROLLED |
| Uncontrolled term |
გერმანული პროზა |
| 700 ## - ADDED ENTRY--PERSONAL NAME |
| Personal name |
ჰეგელი, გეორგ ვილჰელმ ფრიდრიხ |
| Relator term |
ავტორი. |
| 9 (RLIN) |
2873 |
| 700 ## - ADDED ENTRY--PERSONAL NAME |
| Personal name |
ჰოლდერლინი, ფრიდრიხ |
| Relator term |
ავტორი. |
| 9 (RLIN) |
25821 |
| 700 ## - ADDED ENTRY--PERSONAL NAME |
| Personal name |
დოდერერი, ჰაიმიტო ფონ და სხვ. |
| Relator term |
ავტორი |
| 9 (RLIN) |
25822 |
| 942 ## - ADDED ENTRY ELEMENTS (KOHA) |
| Source of classification or shelving scheme |
|
| Koha item type |
წიგნი |